000 01005nam a22003257a 4500
001 BR2013005936
003 BR-BrBNA
005 20230928104227.0
007 ta
008 230509b bl.||||| |||| 00| 0 por d
040 _aBR-BrBNA
_bpor
_cBiblioteca Nacional de Agricultura
041 _a(Por)
072 _aP06; E16
_b0334
_b1580
090 _ 0334 BR2013005936
100 1 _aSilva, L.F.L. e
110 1 _aUniversidade Federal de Lavras, MG (Brasil)
_0Tese (Mestrado)
245 1 _aViabilidade das culturas de canola, nabo forrageiro e batata-doce para a produção de biocombustíveis no sul de Minas Gerais
260 3 _aLavras, MG (Brasil):
_c2012.
300 _a86 p.
500 _aSummaries (Eng, Por); Several bibliography; 9 tables
650 _aCOLZA
650 _aETANOL
650 _aBATATA DOCE
650 _aANÁLISE ECONÔMICA
650 _aBIOCOMBUSTÍVEL
650 _aCUSTO
650 _aBALANÇO DE ENERGIA
909 _a202309
_bLucia
_c55
_dLucia Elande
942 _cBK
999 _c78793
_d78793